Visió econòmica de l'Anoia : dinàmica industrial pròpia i estabilitat agrària / Joaquim Solé i Vilanova dinàmica industrial pròpia i estabilitat agrària / Joaquim Solé i Vilanova
Descripción Física:
XII, 311 p. : amb map. ; 24 cm
Colección:
Catalunya comarcal
MARC
| LEADER | 00000nam a2200000Ia 4500 | ||
|---|---|---|---|
| 001 | 1417 | ||
| 008 | 160829s1984 xx 000 0 cat d | ||
| 080 | |a M-2-1 | ||
| 100 | |a Solé i Vilanova, Joaquim |9 25450 | ||
| 245 | |a Visió econòmica de l'Anoia : |b dinàmica industrial pròpia i estabilitat agrària / Joaquim Solé i Vilanova | ||
| 260 | |a Barcelona : |b Caixa d'Estalvis de Catalunya, |c 1984 | ||
| 300 | |a XII, 311 p. : |b amb map. ; |c 24 cm | ||
| 490 | |a Catalunya comarcal | ||
| 651 | 0 | |a Anoia (Catalunya) |x Condicions econòmiques |9 56064 | |
| 901 | |a Arxiu | ||
| 942 | |n 1 | ||
| 952 | |0 0 |1 0 |4 0 |6 M21 |7 1 |9 43622 |a Arxiu |b Arxiu |d 2016-12-01 |l 0 |o M-2-1 |p 1417 |r 2016-12-01 00:00:00 |w 2016-12-01 |y ARXIU | ||
| 999 | |c 46170 |d 46170 | ||